Statistiques concernant Les capitales européennes

Cliquez ici pour prendre le quiz!

Statistiques générales

  • Ce quiz a été pris 79 fois
  • Le résultat moyen est 37 sur 45

Statistiques - réponses

HintRéponse% Correct
AllemagneBerlin
100%
FranceParis
99%
ItalieRome
99%
IrlandeDublin
97%
LuxembourgLuxembourg
97%
EspagneMadrid
97%
AutricheVienne
97%
BelgiqueBruxelles
96%
Royaume-UniLondres
96%
GrèceAthènes
94%
UkraineKiev
94%
PortugalLisbonne
94%
MonacoMonaco
94%
RussieMoscou
94%
Pays-BasAmsterdam
92%
PologneVarsovie
92%
VaticanVatican
92%
CroatieZagreb
92%
HongrieBudapest
90%
DanemarkCopenhague
90%
NorvègeOslo
90%
SuisseBerne
88%
RoumanieBucarest
88%
FinlandeHelsinki
88%
SuèdeStockholm
88%
BulgarieSofia
86%
MalteLa Valette
85%
AndorreAndorre-la-Vieille
82%
République Tchèque
Prague
82%
BiélorussieMinsk
81%
IslandeReykjavik
79%
Saint-MarinSaint-Marin
78%
Bosnie-HerzégovineSarajevo
74%
LituanieVilnius
71%
EstonieTallinn
69%
SerbieBelgrade
68%
LettonieRiga
68%
AlbanieTirana
68%
SlovénieLjubljana
63%
SlovaquieBratislava
58%
LiechtensteinVaduz
56%
MoldavieChișinău Chisinau
53%
Macédoine du NordSkopje
53%
KosovoPristina
47%
MonténégroPodgorica
42%

Distribution des résultats

Percentile par nombre de réponses

% des personnes avec chaque résultat

Votre développement - résultats

Vous n’avez pas pris ce quiz